00339nam a2200109Ia 4500008004100000041000800041100001800049245009000067260003100157300000800188700003300196250110s9999 xx 000 0 und d aeng aThakur Rashmi aEvalution Of Indoor Environmental Quality And Energy Efficiency In Hospital Buildings bBNCA M Arch EA, Punec2020 a70p aGuide Name:Dhamankar Namrata